Most Streamed Song By Year - Statistics

General Stats
  • This quiz has been taken 116 times
    6 since last reset
  • The average score is 49 of 66
Answer Stats
Hint Artist Answer % Correct
1994 Mariah Carey All I Want For Christmas Is You
100%
1982 Michael Jackson Billie Jean
100%
2019 The Weeknd Blinding Lights
100%
1975 Queen Bohemian Rhapsody
100%
1978 Queen Don't Stop Me Now
100%
1983 The Police Every Breath You Take
100%
2020 Glass Animals Heat Waves
100%
2006 Shakira Hips Don't Lie
100%
1999 Backstreet Boys I Want It That Way
100%
2003 The Killers Mr. Brightside
100%
2017 Ed Sheeran Shape Of You
100%
2008 Coldplay Viva La Vida
100%
2000 Coldplay Yellow
100%
2022 Harry Styles As It Was
80%
2024 Billie Eilish Birds Of A Feather
80%
1992 Radiohead Creep
80%
1981 Journey Don't Stop Believin'
80%
1973 Aerosmith Dream On
80%
1997 Foo Fighters Everlong
80%
2023 Miley Cyrus Flowers
80%
1969 Creedence Clearwater Revival Fortunate Son
80%
1979 AC/DC Highway to Hell
80%
1976 Eagles Hotel California
80%
1998 The Goo Goo Dolls Iris
80%
2010 Bruno Mars Just The Way You Are
80%
1984 Wham Last Christmas
80%
1993 The Cranberries Linger
80%
1986 Bon Jovi Livin' On A Prayer
80%
2025 Alex Warren Ordinary
80%
1966 The Rolling Stones Paint It, Black
80%
1991 Nirvana Smells Like Teen Spirit
80%
2018 Lewis Capaldi Someone You Loved
80%
2016 The Weeknd Starboy
80%
2021 The Kid LAROI & Justin Bieber Stay
80%
2012 The Neighbourhood Sweater Weather
80%
1987 Guns N' Roses Sweet Child O' Mine
80%
1974 Lynyrd Skynyrd Sweet Home Alabama
80%
1985 a-ha Take On Me
80%
2015 Lord Huron The Night We Met
80%
1990 AC/DC Thunderstruck
80%
1996 Spice Girls Wannabe
80%
1995 Oasis Wonderwall
80%
2007 Arctic Monkeys 505
60%
1967 Marvin Gaye & Tammi Terrell Ain't No Mountain High Enough
60%
1980 Queen Another One Bites The Dust
60%
1965 The Mamas & The Papas California Dreamin'
60%
2011 Macklemore & Ryan Lewis Can't Hold Us
60%
2001 System Of A Down Chop Suey!
60%
1977 Fleetwood Mac Dreams
60%
2005 Gorillaz Feel Good Inc.
60%
1970 Creedence Clearwater Revival Have You Ever Seen The Rain
60%
1964 The Animals House Of The Rising Sun
60%
2013 Arctic Monkeys I Wanna Be Yours
60%
2009 Miley Cyrus Party In The U.S.A.
60%
2014 Ed Sheeran Photograph
60%
1972 Elton John Rocket Man
60%
1968 Otis Redding (Sittin' On) The Dock Of The Bay
60%
2004 Keane Somewhere Only We Know
60%
1961 Ben E. King Stand By Me
60%
1988 Pixies Where Is My Mind?
60%
1989 Chris Isaak Wicked Game
40%
2002 Eminem Without Me
40%
1971 Bill Withers Ain't No Sunshine
20%
1962 Sam Cooke Bring It On Home To Me
20%
1963 Andy Williams It's The Most Wonderful Time Of The Year
20%
1960 Sam Cooke (What A) Wonderful World
20%
No matching quizzes found
Score Distribution
Percent of People with Each Score
Percentile by Number Answered
Your Score History
You have not taken this quiz since the last reset